Central Library OPAC University of Rajshahi

Crisis of modernity : (Record no. 57300)

MARC details
000 -LEADER
fixed length control field 01246nam a2200289 a 4500
001 - CONTROL NUMBER
control field 57300
003 - CONTROL NUMBER IDENTIFIER
rucl marc code BD-RjUL
005 - DATE AND TIME OF LATEST TRANSACTION
control field 20211209080507.0
008 - FIXED-LENGTH DATA ELEMENTS--GENERAL INFORMATION
fixed length control field 161208s1986 gw b 000 0 eng
020 ## - INTERNATIONAL STANDARD BOOK NUMBER
International Standard Book Number 0813304008 (Westview Press)
035 ## - SYSTEM CONTROL NUMBER
System control number (BD-RjUL)57424
040 ## - CATALOGING SOURCE
Original cataloging agency DLC
Transcribing agency DLC
Modifying agency BD-RjUL
Language of cataloging eng
041 ## - LANGUAGE CODE
Language code of text/sound track or separate title eng
082 00 - DEWEY DECIMAL CLASSIFICATION NUMBER
Classification number 306
Edition number 23
Author mark and year CRI 1986
245 00 - TITLE STATEMENT
Title Crisis of modernity :
Remainder of title recent critical theories of culture and society in the United States and West Germany /
Statement of responsibility, etc. Edited by Günter H. Lenz, Kurt L. Shell
260 ## - PUBLICATION, DISTRIBUTION, ETC. (IMPRINT)
Place of publication, distribution, etc. Frankfurt am Main :
Name of publisher, distributor, etc. Westview Press,
Date of publication, distribution, etc. 1986.
300 ## - PHYSICAL DESCRIPTION
Pagination xi, 374 p. ;
Size 21 cm.
490 1# - SERIES STATEMENT
Series statement Campus Forschung ;
Volume/sequential designation Bd. 486 =
Series statement Campus research
Series statement Schriftenreihe des Zentrums für Nordamerika-Forschung (ZENAF), Universität Frankfurt ;
Volume/sequential designation Bd. 6 =
Series statement Publications of the Center for North American Studies and Research, Frankfurt University
504 ## - BIBLIOGRAPHY, ETC. NOTE
Bibliography, etc Includes bibliographies.
650 ## - SUBJECT ADDED ENTRY--TOPICAL TERM
Topical term or geographic name as entry element Political Culture
9 (RLIN) 170443
700 1# - ADDED ENTRY--PERSONAL NAME
Personal name Lenz, Günter H.
Personal name Shell, Kurt Leo,
Dates associated with a name 1920-
830 #0 - SERIES ADDED ENTRY--UNIFORM TITLE
Uniform title Campus Forschung ;
Volume number/sequential designation Bd. 486.
Uniform title Schriftenreihe des Zentrums für Nordamerika-Forschung (ZENAF), Universität Frankfurt ;
Volume number/sequential designation Bd. 6.
942 ## - ADDED ENTRY ELEMENTS (KOHA)
Source of classification or shelving scheme Dewey Decimal Classification
Koha item type Books
Holdings
Lost status Source of classification or shelving scheme Damaged status Not for loan Collection code Permanent Location Current Location Shelving location Date acquired Total Checkouts Full call number Date last seen Copy number Koha item type
  Dewey Decimal Classification   Not For Loan Non-fiction Central Library, University of Rajshahi Central Library, University of Rajshahi Reading Room 09/03/1989   306 CRI 1986 08/12/2016 C-1 Books